Statistics for European Countries Losing Population

Click here to take the quiz!

General Stats

  • This quiz has been taken 75 times
  • The average score is 15 of 16

Answer Stats

LossCountry% Correct
15.5%Romania
100%
22.5%Bulgaria
96%
12.7%Estonia
96%
21.6%Latvia
96%
22.1%Lithuania
96%
18.9%Serbia
96%
19.5%Ukraine
96%
16.7%Moldova
94%
15.8%Albania
92%
18.2%Bosnia and Herzegovina
92%
13.4%Greece
92%
12.3%Hungary
92%
10.9%Poland
92%
18.0%Croatia
91%
11.8%Italy
89%
12.0%Portugal
85%

Score Distribution

Percentile by Number Answered

Percent of People with Each Score

Your Score History

You have not taken this quiz